000 00344nas a2200157 a 4500
001 61562
003 133758
005 20201118105834.0
008 ||||||n9999 ||| || ||
041 _aeng
245 0 _aTime - Vol.153 No.7
260 _aEstados Unidos :
_bTime,
_c1999.
562 _e1
773 _021966
_aTime
942 _cSISS
999 _c61562
_d61562